[Event "SVK-chT3A2 1718"]
[Site "Slovakia"]
[Date "2018.01.21"]
[Round "8.4"]
[White "Csuri, Szilveszter"]
[Black "Kozinka, Roman"]
[Result "1/2-1/2"]
[WhiteElo "1956"]
[BlackElo "2000"]
[PlyCount "60"]
[EventDate "2017.10.08"]
[EventType "team-tourn"]
[EventRounds "11"]
[EventCountry "SVK"]
[SourceTitle "EXT 2020"]
[Source "ChessBase"]
[SourceDate "2019.10.17"]
[SourceVersion "1"]
[SourceVersionDate "2019.10.17"]
[SourceQuality "1"]
[WhiteTeam "Potonska Veza II"]
[BlackTeam "Modranka Komplet"]
[WhiteTeamCountry "SVK"]
[BlackTeamCountry "SVK"]

1. e4 c5 2. Nf3 d6 3. d4 cxd4 4. Nxd4 Nf6 5. Nc3 a6 6. Be2 e6 7. Be3 Be7 8. Qd2 Qc7 9. f4 Nc6 10. Nb3 b5 11. a3 Bb7 12. Bf3 Rc8 13. 0-0 0-0 14. Qf2 Nd7 15. g4 Na5 16. Nxa5 Qxa5 17. Rfc1 Rc4 18. Be2 Rfc8 19. Bxc4 Rxc4 20. Bd2 Qc7 21. Re1 Nf6 22. h3 Nxe4 23. Nxe4 Rxe4 24. Rxe4 Bxe4 25. c3 h5 26. gxh5 Qc4 27. Be3 Bc6 28. Kh2 Qe4 29. Rg1 Bf6 30. Bd2 Kh7 1/2-1/2

[Event "SVK-chT3A2 1617"]
[Site "Slovakia"]
[Date "2017.03.19"]
[Round "11.4"]
[White "Kozinka, Roman"]
[Black "Jozefek, Michal"]
[Result "1/2-1/2"]
[WhiteElo "1990"]
[BlackElo "2178"]
[PlyCount "43"]
[EventDate "2016.10.16"]
[EventType "team-tourn"]
[EventRounds "11"]
[EventCountry "SVK"]
[SourceTitle "EXT 2020"]
[Source "ChessBase"]
[SourceDate "2019.10.17"]
[SourceVersion "1"]
[SourceVersionDate "2019.10.17"]
[SourceQuality "1"]
[WhiteTeam "Modranka Komplet"]
[BlackTeam "Skalica II"]
[WhiteTeamCountry "SVK"]
[BlackTeamCountry "SVK"]

1. c4 c5 2. Nc3 Nc6 3. Nf3 g6 4. d4 cxd4 5. Nxd4 Nf6 6. e4 d6 7. Be2 Bg7 8. Be3 0-0 9. 0-0 Bd7 10. Rc1 Nxd4 11. Bxd4 Bc6 12. f3 a5 13. Qd2 Nd7 14. Be3 Nc5 15. Rfd1 Qb6 16. Rc2 Rfc8 17. Bf1 h5 18. Qf2 Kh7 19. g4 hxg4 20. Qh4+ Kg8 21. Qxg4 Rc7 22. h4 1/2-1/2

[Event "SVK-chT4 A22 1617"]
[Site "Slovakia"]
[Date "2017.03.12"]
[Round "11.1"]
[White "Meszaros, Lorant"]
[Black "Kozinka, Roman"]
[Result "1/2-1/2"]
[WhiteElo "2024"]
[BlackElo "1996"]
[PlyCount "69"]
[EventDate "2016.10.09"]
[EventType "team-tourn"]
[EventRounds "11"]
[EventCountry "SVK"]
[SourceTitle "EXT 2020"]
[Source "ChessBase"]
[SourceDate "2019.10.17"]
[SourceVersion "1"]
[SourceVersionDate "2019.10.17"]
[SourceQuality "1"]

1. d4 Nf6 2. c4 g6 3. g3 Bg7 4. Bg2 d6 5. Nf3 0-0 6. 0-0 Nc6 7. Nc3 e5 8. d5 Ne7 9. h3 Nd7 10. e4 a5 11. Nh4 b6 12. a4 Nc5 13. Be3 Na6 14. Qd2 Bd7 15. Bh6 Bxh6 16. Qxh6 Kh8 17. Kh2 Nc5 18. Ra3 Qe8 19. Nb5 Bxb5 20. axb5 f6 21. Qe3 Qf7 22. f4 exf4 23. gxf4 Rae8 24. e5 fxe5 25. fxe5 Qg7 26. Rxf8+ Rxf8 27. exd6 cxd6 28. b4 axb4 29. Ra7 Nxd5 30. Bxd5 Qxa7 31. Qd4+ Qg7 32. Nxg6+ hxg6 33. Qh4+ Qh7 34. Qd4+ Qg7 35. Qh4+ 1/2-1/2

[Event "SVK-chT3A2 1516"]
[Site "Slovakia"]
[Date "2016.03.20"]
[Round "10.2"]
[White "Kozinka, Roman"]
[Black "Kovacocy, Pavol"]
[Result "1/2-1/2"]
[WhiteElo "1964"]
[BlackElo "2199"]
[PlyCount "67"]
[EventDate "2015.10.11"]
[EventType "team-tourn"]
[EventRounds "11"]
[EventCountry "SVK"]
[SourceTitle "EXT 2020"]
[Source "ChessBase"]
[SourceDate "2019.10.17"]
[SourceVersion "1"]
[SourceVersionDate "2019.10.17"]
[SourceQuality "1"]
[WhiteTeam "Modranka Komplet"]
[BlackTeam "Cifer"]
[WhiteTeamCountry "SVK"]
[BlackTeamCountry "SVK"]

1. e4 c5 2. Nf3 g6 3. d4 cxd4 4. Nxd4 Nc6 5. Nxc6 bxc6 6. Qd4 Nf6 7. c4 Bg7 8. Nc3 0-0 9. Be2 Nd5 10. Qd3 Nxc3 11. bxc3 Qa5 12. Bd2 Rb8 13. 0-0 d6 14. Qc2 Be6 15. Rab1 h5 16. Rb4 c5 17. Ra4 Qc7 18. f4 Rb6 19. f5 Bd7 20. Ra3 Rfb8 21. Bc1 Rb1 22. Qd2 Be8 23. Bd3 R1b6 24. Qf2 a5 25. g4 hxg4 26. Qh4 a4 27. Qxg4 Rb1 28. Bxb1 Rxb1 29. fxg6 fxg6 30. Qe6+ Kh7 31. Qh3+ Kg8 32. Qe6+ Kh7 33. Qh3+ Kg8 34. Qe6+ 1/2-1/2

[Event "SVK-chT2A 1516"]
[Site "Slovakia"]
[Date "2016.01.24"]
[Round "7.3"]
[White "Nicolini, Alexander"]
[Black "Kozinka, Roman"]
[Result "1/2-1/2"]
[WhiteElo "2148"]
[BlackElo "1975"]
[PlyCount "88"]
[EventDate "2015.10.17"]
[EventType "team-tourn"]
[EventRounds "11"]
[EventCountry "SVK"]
[SourceTitle "CBM 170 Extra"]
[Source "ChessBase"]
[SourceDate "2016.02.25"]
[SourceVersion "1"]
[SourceVersionDate "2016.02.25"]
[SourceQuality "1"]
[WhiteTeam "Trnava Lokomotiva II"]
[BlackTeam "Trnava Modranka"]
[WhiteTeamCountry "SVK"]
[BlackTeamCountry "SVK"]

1. e4 c5 2. Nf3 d6 3. c3 Nf6 4. Bd3 Nc6 5. Bc2 g6 6. 0-0 Bg7 7. h3 0-0 8. Qe2 Qc7 9. Rd1 a6 10. d4 cxd4 11. cxd4 e6 12. Nc3 b5 13. Bf4 b4 14. Na4 a5 15. Rac1 Nh5 16. Be3 Ba6 17. Bd3 Bxd3 18. Qxd3 Qb7 19. d5 Ne5 20. Nxe5 Bxe5 21. Rc6 exd5 22. exd5 Qe7 23. Nb6 Rae8 24. Nc4 a4 25. Bh6 Nf4 26. Bxf4 Bxf4 27. g3 Be5 28. b3 axb3 29. axb3 Ra8 30. Qe2 Rfe8 31. Kg2 Qf6 32. Qf3 Qe7 33. Re1 Ra2 34. Re2 Rea8 35. Rb6 Rxe2 36. Qxe2 Ra1 37. Rxb4 Qg5 38. Qe3 Qf5 39. Ra4 Rxa4 40. bxa4 Bxg3 41. Qf3 Bf4 42. a5 Qg5+ 43. Kf1 Qf6 44. Qe4 g5 1/2-1/2

[Event "SVK-chT2A 1516"]
[Site "Slovakia"]
[Date "2015.11.08"]
[Round "4.5"]
[White "Kozinka, Roman"]
[Black "Kolman, Richard"]
[Result "0-1"]
[WhiteElo "1975"]
[BlackElo "2070"]
[PlyCount "112"]
[EventDate "2015.10.17"]
[EventType "team-tourn"]
[EventRounds "11"]
[EventCountry "SVK"]
[SourceTitle "CBM 169 Extra"]
[Source "ChessBase"]
[SourceDate "2015.12.18"]
[SourceVersion "1"]
[SourceVersionDate "2015.12.18"]
[SourceQuality "1"]
[WhiteTeam "Trnava Modranka"]
[BlackTeam "Bratislava DP"]
[WhiteTeamCountry "SVK"]
[BlackTeamCountry "SVK"]

1. e4 d6 2. d4 Nf6 3. Nc3 c6 4. Nf3 Bg4 5. Be2 e6 6. 0-0 d5 7. exd5 Bxf3 8. Bxf3 cxd5 9. Re1 Be7 10. Qd3 0-0 11. Bf4 Nc6 12. Rad1 Rc8 13. a3 Na5 14. g4 Nc4 15. Bc1 Re8 16. Ne2 Qb6 17. b4 Qc6 18. Nf4 Nd6 19. Re2 Nfe4 20. Rde1 Qa4 21. Bb2 Rc6 22. Ng2 Rec8 23. Qb3 Qxb3 24. cxb3 Ng5 25. Re3 Rc2 26. Rb1 Rxb2 27. Rxb2 Nxf3+ 28. Rxf3 Rc1+ 29. Ne1 Rxe1+ 30. Kg2 Rc1 31. Re3 Bf6 32. Ree2 Bxd4 33. Rbc2 Rxc2 34. Rxc2 Kf8 35. a4 Ke8 36. f4 Kd7 37. b5 f6 38. h4 e5 39. Kf3 Ne4 40. h5 Nc5 41. f5 h6 42. g5 fxg5 43. a5 e4+ 44. Kg4 Nxb3 45. Ra2 Nc5 46. Rd2 Nd3 47. Ra2 Kd6 48. a6 b6 49. Rc2 Ne5+ 50. Kg3 Nc4 51. Rc1 Kc5 52. f6 Bxf6 53. Kg4 d4 54. Kf5 Kd5 55. Kg6 e3 56. Kf5 d3 0-1

[Event "SVK-chT2A 1516"]
[Site "Slovakia"]
[Date "2015.10.18"]
[Round "2.7"]
[White "Syrovy, Ivan"]
[Black "Kozinka, Roman"]
[Result "0-1"]
[WhiteElo "1983"]
[BlackElo "1975"]
[PlyCount "102"]
[EventDate "2015.10.17"]
[EventType "team-tourn"]
[EventRounds "11"]
[EventCountry "SVK"]
[SourceTitle "CBM 169 Extra"]
[Source "ChessBase"]
[SourceDate "2015.12.18"]
[SourceVersion "1"]
[SourceVersionDate "2015.12.18"]
[SourceQuality "1"]
[WhiteTeam "Pezinok"]
[BlackTeam "Trnava Modranka"]
[WhiteTeamCountry "SVK"]
[BlackTeamCountry "SVK"]

1. e4 c5 2. Nf3 d6 3. d4 cxd4 4. Nxd4 Nf6 5. Nc3 a6 6. f3 e6 7. Be3 Be7 8. Qd2 Qc7 9. Be2 Nc6 10. g4 b5 11. Nxc6 Qxc6 12. a3 Bb7 13. 0-0-0 Rc8 14. g5 Nd7 15. f4 Nc5 16. Bf3 0-0 17. Kb1 a5 18. Qd4 Na4 19. Rd3 Ba6 20. Rc1 Nxb2 21. Kxb2 b4 22. axb4 axb4 23. Nd5 exd5 24. exd5 Qa4 25. Rb3 Bc4 26. Ra1 Qb5 27. Bd2 Bxb3 28. cxb3 Ra8 29. Bxb4 Rxa1 30. Bc3 Rb1+ 31. Kxb1 Qxb3+ 32. Bb2 f6 33. Bd1 Qh3 34. Qe4 Kf7 35. f5 Rb8 36. g6+ Kf8 37. gxh7 Qxh2 38. Bc2 Qxh7 39. Qc4 Qh1+ 40. Ka2 Bd8 41. Qc6 Qh2 42. Ba3 Ke7 43. Qa4 Bb6 44. Bb2 Qe2 45. Ba3 Rc8 46. Kb1 Bd4 47. Qb3 Qf1+ 48. Bc1 Rc7 49. Qb4 Be5 50. Qb6 Qc4 51. Qb3 Ra7 0-1

[Event "SVK-chT2A 1415"]
[Site "Slovakia"]
[Date "2015.03.07"]
[Round "10.6"]
[White "Vegh, Vince"]
[Black "Kozinka, Roman"]
[Result "0-1"]
[WhiteElo "1919"]
[BlackElo "2001"]
[PlyCount "80"]
[EventDate "2014.10.11"]
[EventType "team-tourn"]
[EventRounds "11"]
[EventCountry "SVK"]
[SourceTitle "EXT 2016"]
[Source "ChessBase"]
[SourceDate "2015.10.08"]
[SourceVersion "1"]
[SourceVersionDate "2015.10.08"]
[SourceQuality "1"]
[WhiteTeam "Potonska Veza"]
[BlackTeam "Trnava Modranka"]
[WhiteTeamCountry "SVK"]
[BlackTeamCountry "SVK"]

1. e4 c5 2. Nf3 d6 3. d4 cxd4 4. Nxd4 Nf6 5. Nc3 a6 6. a4 e5 7. Nb3 Be6 8. Bg5 Be7 9. Bxf6 Bxf6 10. Nd5 Bg5 11. Bc4 Nc6 12. 0-0 Rc8 13. Qe2 0-0 14. a5 Ne7 15. Rfd1 Ng6 16. g3 Kh8 17. Nb6 Rc7 18. Bd5 Bh3 19. c4 f5 20. exf5 Bxf5 21. Nd2 Bxd2 22. Rxd2 Qg5 23. Bg2 Rcf7 24. b4 e4 25. Qe3 Qf6 26. Re1 Ne5 27. Qd4 Nd3 28. Qxf6 Rxf6 29. Rxe4 Bxe4 30. Bxe4 Nxf2 31. Bxb7 Ng4 32. b5 Rf1+ 33. Kg2 Ne3+ 34. Kh3 g5 35. Rd3 g4+ 36. Kh4 Rg8 37. Bc8 Rf2 38. h3 Rf6 39. Bxg4 Rh6+ 40. Bh5 Nf5# 0-1

[Event "SVK-chT2A 1112"]
[Site "Slovakia"]
[Date "2012.02.25"]
[Round "10.3"]
[White "Sosovicka, Juraj"]
[Black "Kozinka, Roman"]
[Result "1-0"]
[WhiteElo "2198"]
[BlackElo "2056"]
[PlyCount "47"]
[EventDate "2011.10.08"]
[EventType "team-tourn"]
[EventRounds "11"]
[EventCountry "SVK"]
[SourceTitle "EXT 2013"]
[Source "ChessBase"]
[SourceDate "2012.11.22"]
[SourceVersion "1"]
[SourceVersionDate "2012.11.22"]
[SourceQuality "1"]
[WhiteTeam "Devinska Nova Ves"]
[BlackTeam "Trnava Modranka"]
[WhiteTeamCountry "SVK"]
[BlackTeamCountry "SVK"]

1. e4 c5 2. Nf3 d6 3. d4 cxd4 4. Nxd4 Nf6 5. Nc3 a6 6. Be2 e6 7. 0-0 Be7 8. Be3 Qc7 9. f4 Nc6 10. Qe1 0-0 11. Qg3 Kh8 12. Kh1 Bd7 13. Rae1 Rac8 14. a3 Nxd4 15. Bxd4 Bc6 16. Bd3 Nh5 17. Qh3 Nxf4 18. Rxf4 e5 19. Nd5 Bd7 20. Qf3 Qd8 21. Rxf7 Bh4 22. Bb6 Rxf7 23. Qxf7 Qg5 24. Rf1 1-0

[Event "SVK-chT2A 1112"]
[Site "Slovakia"]
[Date "2011.12.04"]
[Round "6.3"]
[White "Arendas, Marek"]
[Black "Kozinka, Roman"]
[Result "1/2-1/2"]
[WhiteElo "2082"]
[BlackElo "2056"]
[PlyCount "53"]
[EventDate "2011.10.08"]
[EventType "team-tourn"]
[EventRounds "11"]
[EventCountry "SVK"]
[SourceTitle "EXT 2013"]
[Source "ChessBase"]
[SourceDate "2012.11.22"]
[SourceVersion "1"]
[SourceVersionDate "2012.11.22"]
[SourceQuality "1"]
[WhiteTeam "Trnava Lokomotiva II"]
[BlackTeam "Trnava Modranka"]
[WhiteTeamCountry "SVK"]
[BlackTeamCountry "SVK"]

1. e4 c5 2. Nf3 d6 3. d4 cxd4 4. Nxd4 Nf6 5. Nc3 a6 6. Be2 e6 7. 0-0 Be7 8. Be3 Qc7 9. a4 Nc6 10. f4 0-0 11. Kh1 Re8 12. Nb3 b6 13. Qe1 Nb4 14. Qf2 Nxc2 15. Bxb6 Qb8 16. Rac1 Nd7 17. Rxc2 Qxb6 18. Qxb6 Nxb6 19. Rfc1 Bd7 20. a5 Na4 21. Nd1 Kf8 22. Rc7 Red8 23. Nd2 Rdc8 24. b3 Rxc7 25. Rxc7 Nc5 26. e5 Bd8 27. Bf3 1/2-1/2